Reseña histórica de la Escolania o Colegio de música de la Virgen de Montserrat, en Cataluña, desde 1456 hasta hoy día (Record no. 164432)

MARC details
000 -LEADER
campo de control de longitud fija 01145nam a2200217 i 4500
001 - NÚMERO DE CONTROL
campo de control 164432
003 - IDENTIFICADOR DE NÚMERO DE CONTROL
campo de control ES-MaACL
005 - FECHA Y HORA DE LA ÚLTIMA TRANSACCIÓN
campo de control 20250827063228.0
008 - DATOS DE LONGITUD FIJA--INFORMACIÓN GENERAL
campo de control de longitud fija 951113s1856 sp |||| | spa d
040 ## - FUENTE DE CATALOGACIÓN
Centro catalogador/agencia de origen CLM
Lengua de catalogación spa
Centro/agencia transcriptor CCPB | SIC
100 1# - ENTRADA PRINCIPAL--NOMBRE DE PERSONA
Nombre de persona Saldoni, Baltasar,
Fechas asociadas al nombre 1807-1889
9 (RLIN) 132330
245 10 - MENCIÓN DEL TÍTULO
Título Reseña histórica de la Escolania o Colegio de música de la Virgen de Montserrat, en Cataluña, desde 1456 hasta hoy día
Resto del título : con un catálogo de algunos de los maestros que ha habido, y de varios alumnos aventajados que de él han salido, ya eclesiásticos, ya nobles, ya tambien de los que mas se han distinguido en la música /
Mención de responsabilidad, etc. por Baltasar Saldoni.
260 ## - PUBLICACIÓN, DISTRIBUCIÓN, ETC.
Lugar de publicación, distribución, etc. Madrid :
Nombre del editor, distribuidor, etc. [s.n.],
Fecha de publicación, distribución, etc. 1856 (
Fabricante Imp. de Repullés)
300 ## - DESCRIPCIÓN FÍSICA
Extensión 85 p. ;
Dimensiones 21 cm.
530 ## - NOTA DISPONIBLE DE FORMULARIO FÍSICO ADICIONAL
Nota de formato físico adicional disponible Disponible en formato digital.
610 24 - PUNTO DE ACCESO ADICIONAL DE MATERIA--NOMBRE DE ENTIDAD CORPORATIVA
Nombre de entidad corporativa o nombre de jurisdicción como elemento de entrada Escolanía de Montserrat-
Subdivisión de forma Historia.
9 (RLIN) 161878
650 04 - PUNTO DE ACCESO ADICIONAL DE MATERIA--TÉRMINO DE MATERIA
Término de materia o nombre geográfico como elemento de entrada Músicos-
Subdivisión de forma Biografías.
9 (RLIN) 15425
852 ## - LOCALIZACIÓN
Ubicación ES-MaACL
Número de control de estantería T-25-F-3
Nota libre -- Enc. hol., falto de la enc. original
-- -- Enc. en un vol. facticio
856 ## - LOCALIZACIÓN Y ACCESO ELECTRÓNICOS
Identificador Uniforme de Recursos <a href="http://bdh-rd.bne.es/viewer.vm?id=0000092643&page=1 ">http://bdh-rd.bne.es/viewer.vm?id=0000092643&page=1 </a>
Nota pública Biblioteca Digital Hispánica
Holdings
Estatus retirado Estado de pérdida Estado de daño No para préstamo Colección Biblioteca de origen Biblioteca actual Ubicación en estantería Fecha de adquisición Total de préstamos Signatura topográfica completa Código de barras Visto por última vez Precio de reemplazo Tipo de ítem Koha
        Colección de folletos Biblioteca del Ateneo de Madrid Biblioteca del Ateneo de Madrid Depósito folletos 17/01/2008   T-25-F-3 1172354 23/02/2023 23/02/2023 Folleto